[Event "4NCL 3 South pool A"]
[Site "Reading, ENG"]
[Date "2017.11.12"]
[Round "2.11"]
[White "Rich, Mark C"]
[Black "Willmoth, Robert F"]
[Result "1-0"]
[WhiteElo "2067"]
[BlackElo "2267"]
[PlyCount "42"]
[EventDate "2017.11.12"]
[WhiteTeam "Cambridge University 2"]
[BlackTeam "Barnet Knights 1"]

1. e4 e6 2. d4 d5 3. Nc3 Bb4 4. Nge2 dxe4 5. a3 Be7 6. Nxe4 b6 7. N2g3 Bb7 8.
Bd3 f5 9. Nc3 Bxg2 10. Rg1 Bc6 11. Qe2 Qd7 12. Nh5 Bf8 13. Bxf5 Qxd4 14. Bxe6
Ne7 15. Bg5 Nd7 16. Bxe7 Bxe7 17. Nxg7+ Kd8 18. Rd1 Qf6 19. Bd5 Bxd5 20. Nxd5
Qf8 21. Ne6+ Kc8 1-0

[Event "4NCL 3 South pool A"]
[Site "Reading, ENG"]
[Date "2017.11.12"]
[Round "2.12"]
[White "Brozel, Sacha"]
[Black "Atako, Chino C"]
[Result "1/2-1/2"]
[WhiteElo "2162"]
[BlackElo "2082"]
[Annotator "Alan"]
[PlyCount "60"]
[EventDate "2017.11.12"]
[WhiteTeam "Barnet Knights 1"]
[BlackTeam "Cambridge University 2"]

1. c4 e6 2. g3 c5 3. Bg2 Nc6 4. Nf3 Nf6 5. O-O Be7 6. d4 cxd4 7. Nxd4 O-O 8.
Nc3 a6 9. b3 Qc7 10. Bb2 d6 11. Rc1 Ne5 12. Qd2 Bd7 13. e4 Ng6 14. Kh1 Rfe8 15.
f4 Rad8 16. f5 Ne5 17. fxe6 fxe6 18. Nce2 Bf8 19. Nf4 Nf7 20. Nc2 Ne5 21. Ne3
Qb8 22. Rcd1 Bc6 23. Qe2 b6 24. Nd3 Qb7 25. Nxe5 dxe5 26. Bxe5 Nxe4 27. Rf4 Bc5
28. Rxd8 Rxd8 29. Bxe4 Bxe3 30. Bxc6 Qxc6+ {... scoresheets!} 1/2-1/2

[Event "4NCL 3 South pool A"]
[Site "Reading, ENG"]
[Date "2017.11.12"]
[Round "2.13"]
[White "Chan, Nevil"]
[Black "Villiers, Thomas"]
[Result "1/2-1/2"]
[WhiteElo "2015"]
[BlackElo "2222"]
[PlyCount "134"]
[EventDate "2017.11.12"]
[WhiteTeam "Cambridge University 2"]
[BlackTeam "Barnet Knights 1"]

1. d4 g6 2. e4 Bg7 3. Be3 b6 4. c3 Bb7 5. Nd2 d6 6. Bd3 e6 7. Nh3 Ne7 8. O-O
Nd7 9. Qe2 O-O 10. Rfe1 a6 11. Nf1 h6 12. f3 c5 13. Rad1 Qc7 14. Nf2 Nc6 15.
Bb1 Rad8 16. Qd2 Kh7 17. Ng3 e5 18. d5 Ne7 19. Nh3 Bc8 20. Ne2 f5 21. f4 fxe4
22. Nf2 Nf5 23. Nxe4 Nxe3 24. Qxe3 Rde8 25. Qd3 Rf7 26. N4g3 Nf8 27. fxe5 Rxe5
28. Rf1 c4 29. Qc2 Bb7 30. Nf4 Kg8 31. Nxg6 Rxd5 32. Nxf8 Rxd1 33. Qxd1 Qc5+
34. Kh1 Rxf8 35. Rxf8+ Kxf8 36. Qf1+ Kg8 37. Bg6 Qe5 38. Nf5 Bd5 39. Nxg7 Kxg7
40. Bc2 Qe3 41. Qd1 h5 42. Qd4+ Qxd4 43. cxd4 b5 44. a3 a5 45. Kg1 Bf7 46. Kf2
Bg6 47. Bd1 b4 48. axb4 axb4 49. Ke3 Kf6 50. Kd2 h4 51. Bf3 Ke6 52. g3 hxg3 53.
hxg3 d5 54. Bg4+ Kf6 55. Bf3 Be4 56. Bg4 Kg5 57. Be6 Bf3 58. Kc1 Kf6 59. Bh3
Kg5 60. Be6 Be4 61. Kd2 Kg6 62. Kc1 c3 63. bxc3 bxc3 64. Kd1 Kf6 65. Bxd5 c2+
66. Kd2 c1=Q+ 67. Kxc1 Bxd5 1/2-1/2

[Event "4NCL 3 South pool A"]
[Site "Reading, ENG"]
[Date "2017.11.12"]
[Round "2.14"]
[White "Rocco, Federico"]
[Black "Lim, Mark"]
[Result "1-0"]
[WhiteElo "2140"]
[BlackElo "1855"]
[PlyCount "103"]
[EventDate "2017.11.12"]
[WhiteTeam "Barnet Knights 1"]
[BlackTeam "Cambridge University 2"]

1. e4 e6 2. d4 d5 3. Nc3 dxe4 4. Nxe4 Nd7 5. Nf3 Ngf6 6. Bg5 Be7 7. Nxf6+ Nxf6
8. Bxf6 Bxf6 9. Bd3 O-O 10. h4 g6 11. h5 Bxd4 12. hxg6 fxg6 13. Bxg6 hxg6 14.
Qxd4 Qxd4 15. Nxd4 e5 16. Nf3 Bg4 17. Nd2 Rad8 18. f3 Be6 19. O-O-O Rd5 20. Ne4
Kg7 21. Ng5 Rxd1+ 22. Rxd1 Bf5 23. g4 Bc8 24. Re1 Re8 25. Rh1 Kf6 26. Ne4+ Kg7
27. g5 Bf5 28. Nf6 Rh8 29. Rxh8 Kxh8 30. Ne8 c6 31. Nd6 Be6 32. Nxb7 Bd5 33.
Nd6 Kg7 34. Ne4 Kf7 35. Kd2 Ke6 36. Ke3 Kf5 37. c4 Bxe4 38. fxe4+ Kxg5 39. b4
Kf6 40. Kf3 a6 41. a4 Ke6 42. Kg4 Kf6 43. b5 cxb5 44. cxb5 axb5 45. axb5 Ke7
46. Kg5 Kd6 47. Kxg6 Kc5 48. Kf5 Kxb5 49. Kxe5 Kc6 50. Kf6 Kd6 51. e5+ Kd7 52.
Kf7 1-0

[Event "4NCL 3 South pool A"]
[Site "Reading, ENG"]
[Date "2017.11.12"]
[Round "2.15"]
[White "O'Shea, Colm"]
[Black "Orgler, Philipp"]
[Result "1-0"]
[WhiteElo "1832"]
[BlackElo "2162"]
[PlyCount "96"]
[EventDate "2017.11.12"]
[WhiteTeam "Cambridge University 2"]
[BlackTeam "Barnet Knights 1"]

1. e4 e6 2. d3 d5 3. Nd2 Nf6 4. Ngf3 c5 5. g3 Nc6 6. Bg2 Be7 7. O-O O-O 8. Re1
b5 9. a4 b4 10. b3 a5 11. e5 Nd7 12. Nf1 Ba6 13. h4 Rc8 14. Bf4 Nd4 15. Ne3 Qc7
16. Nxd5 exd5 17. e6 Bd6 18. Bxd6 Qxd6 19. exd7 Qxd7 20. Ng5 Rcd8 21. Nh3 Ne6
22. Qd2 Qc7 23. Rac1 Bb7 24. Re3 c4 25. Qe1 Rc8 26. dxc4 dxc4 27. Bxb7 Qxb7 28.
Rd1 h6 29. Re5 cxb3 30. cxb3 Rcd8 31. Rxd8 Rxd8 32. Qe4 Rd1+ 33. Kg2 Qxe4+ 34.
Rxe4 Nd4 35. Re8+ Kh7 36. Rd8 Rd2 37. Rd7 Nxb3 38. Rxf7 Nc5 39. Rf5 Rc2 40. Nf4
b3 41. h5 b2 42. Ng6 Ne4 43. Rb5 Rxf2+ 44. Kh3 Rf5 45. Rxf5 b1=Q 46. Rf8 Qh1+
47. Kg4 Nf6+ 48. Kf5 Qxh5+ 1-0

[Event "4NCL 3 South pool A"]
[Site "Reading, ENG"]
[Date "2017.11.12"]
[Round "2.16"]
[White "Ethelontis, Alexandros N"]
[Black "Phillips, William"]
[Result "1-0"]
[WhiteElo "2132"]
[BlackElo "1832"]
[PlyCount "63"]
[EventDate "2017.11.12"]
[WhiteTeam "Barnet Knights 1"]
[BlackTeam "Cambridge University 2"]

1. c4 b6 2. Nc3 Nf6 3. e4 Bb7 4. d3 d6 5. g3 g6 6. Bg2 Bg7 7. Nge2 c5 8. O-O
Qd7 9. h3 Nc6 10. Be3 e5 11. f4 O-O-O 12. fxe5 dxe5 13. Bg5 Nh5 14. Bxd8 Rxd8
15. Nd5 Nb4 16. Qd2 Nxd5 17. cxd5 f5 18. b4 cxb4 19. Qxb4 Bf8 20. Qc3+ Bc5+ 21.
Kh2 Re8 22. a4 Kb8 23. a5 f4 24. axb6 axb6 25. gxf4 Nxf4 26. Nxf4 Bd4 27. Qa3
Bxa1 28. Rxa1 exf4 29. Qa7+ Kc7 30. Rc1+ Kd6 31. Qxb6+ Ke5 32. d4# 1-0

[Event "4NCL 3 South pool A"]
[Site "Reading, ENG"]
[Date "2017.11.12"]
[Round "2.21"]
[White "Pleasants, Allan J"]
[Black "Pickard, Charles"]
[Result "1/2-1/2"]
[WhiteElo "2144"]
[BlackElo "2185"]
[PlyCount "70"]
[EventDate "2017.11.12"]
[WhiteTeam "Wessex A"]
[BlackTeam "Leeds University Old Boys"]

1. d4 d5 2. Nf3 e6 3. c4 c5 4. cxd5 exd5 5. Nc3 Nc6 6. g3 Nf6 7. Bg2 Be7 8. O-O
O-O 9. dxc5 Bxc5 10. Bg5 d4 11. Bxf6 Qxf6 12. Ne4 Qe7 13. Nxc5 Qxc5 14. Rc1 Qb6
15. Qd2 Be6 16. b3 Rad8 17. Ng5 Bf5 18. Qf4 Bg6 19. Rfd1 Nb4 20. Rd2 h6 21. Nh3
d3 22. Qf3 Rfe8 23. exd3 Nxd3 24. Rcd1 Ne1 25. Qxb7 Rxd2 26. Rxd2 Qf6 27. Qd7
Re7 28. Qd8+ Kh7 29. Nf4 Nxg2 30. Nxg6 fxg6 31. Kxg2 h5 32. h4 Qe6 33. Qd5 Qe1
34. Rd1 Qe2 35. Rd2 Qe1 1/2-1/2

[Event "4NCL 3 South pool A"]
[Site "Reading, ENG"]
[Date "2017.11.12"]
[Round "2.22"]
[White "Hall, John"]
[Black "Wilson, Jaimie"]
[Result "1/2-1/2"]
[WhiteElo "2252"]
[BlackElo "2132"]
[PlyCount "81"]
[EventDate "2017.11.12"]
[WhiteTeam "Leeds University Old Boys"]
[BlackTeam "Wessex A"]

1. e4 e6 2. d4 d5 3. Nc3 Nf6 4. Bg5 Bb4 5. e5 h6 6. Bd2 Bxc3 7. bxc3 Ne4 8. Qg4
g6 9. Bd3 Nxd2 10. Kxd2 c5 11. Nf3 Nc6 12. h4 Bd7 13. Qf4 Qe7 14. Rab1 O-O-O
15. Qe3 c4 16. Be2 Rdf8 17. Nh2 f5 18. exf6 Qxf6 19. Ng4 Qf4 20. Qxf4 Rxf4 21.
g3 Rf7 22. f4 h5 23. Nh2 Rf6 24. Nf3 Kc7 25. Bf1 Re8 26. Bh3 Re7 27. Rhe1 Re8
28. Re2 Re7 29. Ng5 Bc8 30. Nf3 Bd7 31. Rbe1 Bc8 32. Ne5 Nxe5 33. Rxe5 Kd6 34.
Ke3 Bd7 35. Rg5 Ba4 36. Kd2 Bd7 37. Re2 Ref7 38. Rge5 Re7 39. Rf2 Rh7 40. Bg2
Rh8 41. Bh3 1/2-1/2

[Event "4NCL 3 South pool A"]
[Site "Reading, ENG"]
[Date "2017.11.12"]
[Round "2.23"]
[White "Gill, Oliver"]
[Black "Mossong, Hubert"]
[Result "1-0"]
[WhiteElo "2127"]
[BlackElo "2132"]
[PlyCount "91"]
[EventDate "2017.11.12"]
[WhiteTeam "Wessex A"]
[BlackTeam "Leeds University Old Boys"]

1. e4 d6 2. d4 Nf6 3. Nc3 c6 4. f4 Qa5 5. Bd2 e5 6. Nf3 Bg4 7. fxe5 dxe5 8.
dxe5 Nfd7 9. Nb5 Qd8 10. Nd6+ Bxd6 11. exd6 Ne5 12. Bf4 Nbd7 13. Be2 Bxf3 14.
Bxf3 Qf6 15. Bg3 O-O 16. O-O Qe6 17. Qd4 c5 18. Qd5 Qxd5 19. exd5 Rfd8 20. Rae1
f6 21. Bh5 g6 22. Be2 a6 23. h3 Kg7 24. Bg4 f5 25. Bd1 Kf6 26. Bh4+ g5 27. Bg3
f4 28. Bh2 Nc4 29. Bf3 Re8 30. Bg4 Rxe1 31. Rxe1 Nde5 32. g3 f3 33. Kf2 Nxg4+
34. hxg4 Ne5 35. Bg1 Rd8 36. Re4 Rxd6 37. c4 h5 38. gxh5 Kf5 39. Re1 Nd3+ 40.
Kf1 Nxe1 41. Bxc5 Rd8 42. Kxe1 Rc8 43. d6 Ke6 44. Bd4 Rd8 45. h6 Rd7 46. g4 1-0

[Event "4NCL 3 South pool A"]
[Site "Reading, ENG"]
[Date "2017.11.12"]
[Round "2.24"]
[White "Taylor, Mark V"]
[Black "McDougall, William M"]
[Result "1/2-1/2"]
[WhiteElo "1952"]
[BlackElo "2046"]
[PlyCount "46"]
[EventDate "2017.11.12"]
[WhiteTeam "Leeds University Old Boys"]
[BlackTeam "Wessex A"]

1. d4 Nf6 2. c4 g6 3. Nc3 d5 4. cxd5 Nxd5 5. Bd2 Bg7 6. e4 Nxc3 7. Bxc3 O-O 8.
Nf3 Nd7 9. Bd3 Nf6 10. O-O b6 11. Qe2 Bb7 12. Rfd1 Qc8 13. Rdc1 Qg4 14. h3 Qh5
15. Bd2 Rac8 16. d5 Nd7 17. Bf4 Nc5 18. Bc4 c6 19. Kh2 g5 20. Bxg5 cxd5 21.
Bxd5 Ba6 22. Bc4 Bb7 23. Bd5 Ba6 1/2-1/2

[Event "4NCL 3 South pool A"]
[Site "Reading, ENG"]
[Date "2017.11.12"]
[Round "2.25"]
[White "Simons, Martin J"]
[Black "Harvey, John"]
[Result "1-0"]
[WhiteElo "2019"]
[BlackElo "1765"]
[PlyCount "41"]
[EventDate "2017.11.12"]
[WhiteTeam "Wessex A"]
[BlackTeam "Leeds University Old Boys"]

1. d4 e6 2. e4 d5 3. Be3 dxe4 4. Nd2 Nf6 5. f3 exf3 6. Ngxf3 Be7 7. Bd3 b6 8.
c3 O-O 9. Qe2 Bb7 10. O-O-O Nbd7 11. Rhf1 Nd5 12. Ne4 Nxe3 13. Qxe3 Nf6 14.
Ned2 a5 15. Qe2 Qc8 16. Ne5 Rd8 17. g4 c5 18. g5 Nd5 19. Bxh7+ Kxh7 20. Qh5+
Kg8 21. Qxf7+ 1-0

[Event "4NCL 3 South pool A"]
[Site "Reading, ENG"]
[Date "2017.11.12"]
[Round "2.31"]
[White "Adams, Mark"]
[Black "Tozer, Philip A A"]
[Result "0-1"]
[WhiteElo "1925"]
[BlackElo "2132"]
[PlyCount "100"]
[EventDate "2017.11.12"]
[WhiteTeam "The Full Ponty"]
[BlackTeam "Anglian Avengers 2"]

1. e4 e6 2. d4 d5 3. Nc3 Nf6 4. e5 Nfd7 5. f4 c5 6. Nf3 Nc6 7. Be3 cxd4 8. Nxd4
Bc5 9. Qd2 O-O 10. O-O-O a6 11. h4 Nxd4 12. Bxd4 b5 13. Rh3 b4 14. Na4 Bxd4 15.
Qxd4 Qa5 16. b3 Bb7 17. Kb1 Bc6 18. Nb2 Bb5 19. g4 Rfc8 20. Nd3 Qc7 21. Rh2 a5
22. Re1 Bxd3 23. Bxd3 Nc5 24. h5 Nxd3 25. Qxd3 Qc3 26. Rd1 Rc5 27. Qe2 Rc7 28.
Rd3 Qc5 29. Qf2 Rac8 30. Qxc5 Rxc5 31. Rd4 Rc3 32. Rg2 g6 33. hxg6 hxg6 34. g5
Kf8 35. Rh2 Ke7 36. Kb2 Kd7 37. Rdd2 Rf3 38. Rd4 Kc6 39. Rh4 Kb5 40. Rd2 Rcc3
41. Rd3 Rcxd3 42. cxd3 Rf2+ 43. Kb1 Kc5 44. d4+ Kxd4 45. f5+ Kxe5 46. f6 Rg2
47. Rh7 Rxg5 48. Rxf7 Rf5 49. Ra7 Rxf6 50. Rxa5 g5 0-1

[Event "4NCL 3 South pool A"]
[Site "Reading, ENG"]
[Date "2017.11.12"]
[Round "2.32"]
[White "Cocks, Elliot"]
[Black "Davies, Peter"]
[Result "1/2-1/2"]
[WhiteElo "2112"]
[BlackElo "1980"]
[PlyCount "100"]
[EventDate "2017.11.12"]
[WhiteTeam "Anglian Avengers 2"]
[BlackTeam "The Full Ponty"]

1. d4 Nf6 2. Nf3 e6 3. c4 b6 4. g3 Ba6 5. Qc2 Bb7 6. Nbd2 c5 7. dxc5 bxc5 8.
Bg2 Be7 9. O-O O-O 10. b3 d6 11. Bb2 Nbd7 12. Rad1 Qc7 13. e4 Rfd8 14. Rfe1
Rac8 15. h3 Ne5 16. Qc3 Nc6 17. e5 dxe5 18. Nxe5 Nxe5 19. Qxe5 Bxg2 20. Kxg2
Qxe5 21. Bxe5 Rd3 22. Nf3 Rcd8 23. Rxd3 Rxd3 24. Re2 Kf8 25. Bb8 a6 26. Ne5 Rd8
27. Bc7 Rc8 28. Ba5 Bd6 29. Nd3 Nd7 30. Bc3 g6 31. Re4 h5 32. a3 Nb6 33. Bd2
Nd7 34. Bc3 Nb6 35. Kf1 Rb8 36. b4 Na4 37. Be5 Ke7 38. Bxd6+ Kxd6 39. Rf4 cxb4
40. axb4 Rb7 41. Rd4+ Ke7 42. c5 Nc3 43. Rd6 Nd5 44. Rxa6 Nxb4 45. Nxb4 Rxb4
46. Ra7+ Kf6 47. c6 Rc4 48. c7 Ke5 49. c8=Q Rxc8 50. Rxf7 Rc2 1/2-1/2

[Event "4NCL 3 South pool A"]
[Site "Reading, ENG"]
[Date "2017.11.12"]
[Round "2.33"]
[White "Fletcher, John"]
[Black "Myall, Ivan J"]
[Result "0-1"]
[WhiteElo "1959"]
[BlackElo "2057"]
[PlyCount "106"]
[EventDate "2017.11.12"]
[WhiteTeam "The Full Ponty"]
[BlackTeam "Anglian Avengers 2"]

1. d4 d5 2. c4 c6 3. Nc3 e6 4. e3 Nf6 5. Bd3 dxc4 6. Bxc4 b5 7. Bd3 Bb7 8. Nf3
Nbd7 9. O-O Bd6 10. Ne4 Nxe4 11. Bxe4 O-O 12. Bc2 f5 13. Bb3 Qe7 14. e4 fxe4
15. Ng5 Kh8 16. Nxe6 Rf5 17. Qg4 g6 18. Bg5 Nf6 19. Qh4 Bc8 20. g4 Rf3 21. Bd1
Qxe6 22. Bxf3 exf3 23. Bxf6+ Kg8 24. h3 Kf7 25. Bg5 Kg8 26. Rfe1 Qf7 27. Re3
Be6 28. Rae1 Re8 29. Bf6 Bb4 30. Rd1 Bd5 31. Rxe8+ Qxe8 32. Be5 Be7 33. Qh6 Qf7
34. Rd3 Bf8 35. Qf4 Qxf4 36. Bxf4 Kf7 37. Kh2 h6 38. a3 a5 39. h4 h5 40. Kg3 a4
41. gxh5 gxh5 42. Rxf3 Bxf3 43. Kxf3 Ke6 44. Ke4 b4 45. axb4 Bxb4 46. Bg5 c5
47. dxc5 Bxc5 48. f4 Kf7 49. Kf5 Bd4 50. Ke4 Bxb2 51. Kd3 Ba3 52. Kc4 Bf8 53.
f5 Be7 0-1

[Event "4NCL 3 South pool A"]
[Site "Reading, ENG"]
[Date "2017.11.12"]
[Round "2.34"]
[White "Lunn, Timothy"]
[Black "Hughes, Anthony"]
[Result "1-0"]
[WhiteElo "1982"]
[BlackElo "1827"]
[PlyCount "87"]
[EventDate "2017.11.12"]
[WhiteTeam "Anglian Avengers 2"]
[BlackTeam "The Full Ponty"]

1. d4 d5 2. c4 c6 3. Nc3 Nf6 4. e3 a6 5. Qc2 b5 6. b3 e6 7. Nf3 Nbd7 8. Bd3 Be7
9. O-O O-O 10. Bb2 Qc7 11. Ne2 Qb6 12. c5 Qc7 13. b4 Re8 14. h3 Nf8 15. Ne5
N6d7 16. f4 f6 17. Nf3 Bd8 18. e4 dxe4 19. Bxe4 f5 20. Bd3 Nf6 21. Bc3 Nd5 22.
Bd2 Bf6 23. Ne5 Rd8 24. a3 Bd7 25. Nc3 Be8 26. Nxd5 Rxd5 27. Be3 Bh5 28. Qc3
Rad8 29. Rf2 g5 30. g3 Ng6 31. Bf1 gxf4 32. gxf4 Nh4 33. Bg2 Qg7 34. Kh2 Bxe5
35. Bxd5 Rxd5 36. Rg1 Bxf4+ 37. Bxf4 Bg6 38. Be5 Qh6 39. Qg3 f4 40. Bxf4 Qh5
41. Bh6 Rd8 42. Bg5 Rxd4 43. Qb8+ Be8 44. Bh6+ 1-0

[Event "4NCL 3 South pool A"]
[Site "Reading, ENG"]
[Date "2017.11.12"]
[Round "2.35"]
[White "Thomas, Gary"]
[Black "Sheerin, Alex"]
[Result "0-1"]
[WhiteElo "1864"]
[BlackElo "1847"]
[PlyCount "66"]
[EventDate "2017.11.12"]
[WhiteTeam "The Full Ponty"]
[BlackTeam "Anglian Avengers 2"]

1. e4 c5 2. c3 d5 3. exd5 Qxd5 4. d4 Nc6 5. Nf3 Bg4 6. Be2 Nf6 7. O-O e6 8. h3
Bh5 9. Na3 a6 10. b3 Ne4 11. c4 Qd8 12. d5 exd5 13. Qxd5 Qxd5 14. cxd5 Nb4 15.
g4 Bg6 16. Nh4 Be7 17. Nxg6 hxg6 18. Bf3 Nf6 19. d6 Bxd6 20. Nc4 Rd8 21. Bxb7
Rxh3 22. Nxd6+ Rxd6 23. Bf4 Rd4 24. Rfe1+ Kf8 25. Re3 Rh4 26. g5 Rhxf4 27. gxf6
Nc2 28. Rh3 gxf6 29. Rc1 Rd2 30. Rf3 Rxf3 31. Bxf3 Nd4 32. Rxc5 Ne6 33. Rc8+
Kg7 0-1

[Event "4NCL 3 South pool A"]
[Site "Reading, ENG"]
[Date "2017.11.12"]
[Round "2.36"]
[White "Woodcock, Keith D"]
[Black "Dixon, Chris"]
[Result "1/2-1/2"]
[WhiteElo "1690"]
[BlackElo "1814"]
[PlyCount "46"]
[EventDate "2017.11.12"]
[WhiteTeam "Anglian Avengers 2"]
[BlackTeam "The Full Ponty"]

1. d4 Nf6 2. Nc3 g6 3. e4 d6 4. f4 Bg7 5. Nf3 O-O 6. Bc4 Nxe4 7. Bxf7+ Rxf7 8.
Nxe4 d5 9. Neg5 Rf8 10. Qe2 Qd6 11. Ne5 c5 12. dxc5 Qxc5 13. Be3 Qd6 14. O-O
Nc6 15. c4 e6 16. cxd5 exd5 17. Rad1 Be6 18. Nd3 d4 19. Nc1 Bd5 20. Bd2 Rae8
21. Qg4 h6 22. Nf3 Be4 23. a3 Bf5 1/2-1/2

[Event "4NCL 3 South pool A"]
[Site "Reading, ENG"]
[Date "2017.11.12"]
[Round "2.41"]
[White "Ralphs, Nigel"]
[Black "Britton, Richard L"]
[Result "0-1"]
[WhiteElo "2031"]
[BlackElo "2221"]
[PlyCount "122"]
[EventDate "2017.11.12"]
[WhiteTeam "Rhyfelwyr Essyllwg"]
[BlackTeam "Hackney"]

1. e4 c5 2. Nf3 d6 3. Bb5+ Bd7 4. Bxd7+ Qxd7 5. O-O Nf6 6. Qe2 Nc6 7. Rd1 e6 8.
b3 Be7 9. Bb2 O-O 10. d4 cxd4 11. Nxd4 a6 12. c4 Nxd4 13. Rxd4 Qc6 14. Nc3 Rab8
15. a4 Nd7 16. Rd3 Bf6 17. Re1 Rfe8 18. Qd1 Be5 19. Rh3 Nf8 20. Ba1 Qc5 21. Qg4
Rbc8 22. Rd3 Nd7 23. Rb1 Qc6 24. Rh3 Nf6 25. Qe2 Bxc3 26. Bxc3 Qxe4 27. Qxe4
Nxe4 28. Bb4 f5 29. Rd3 Rc6 30. Rbd1 Rb6 31. f3 Rxb4 32. fxe4 fxe4 33. Re3 d5
34. cxd5 Rd8 35. d6 Kf7 36. Rf1+ Ke8 37. Rf4 Rxd6 38. Rfxe4 Rxe4 39. Rxe4 Ke7
40. Kf2 Rd5 41. Rb4 b5 42. axb5 Rxb5 43. Ra4 a5 44. h4 h6 45. g3 g6 46. g4 Kd6
47. Rd4+ Ke5 48. Ra4 Kd5 49. Ke2 e5 50. Kf2 e4 51. Kg2 Ke5 52. g5 hxg5 53. hxg5
Kf4 54. Kf2 Rxg5 55. b4 e3+ 56. Ke2 Rg2+ 57. Kd3 axb4 58. Rxb4+ Kf3 59. Rb6
Rd2+ 60. Kc3 Rd5 61. Rf6+ Rf5 0-1

[Event "4NCL 3 South pool A"]
[Site "Reading, ENG"]
[Date "2017.11.12"]
[Round "2.42"]
[White "Chin, Francis"]
[Black "Brown, Thomas"]
[Result "1/2-1/2"]
[WhiteElo "2129"]
[BlackElo "2060"]
[PlyCount "84"]
[EventDate "2017.11.12"]
[WhiteTeam "Hackney"]
[BlackTeam "Rhyfelwyr Essyllwg"]

1. d4 Nf6 2. Nf3 g6 3. e3 Bg7 4. Bd3 O-O 5. O-O d6 6. Nbd2 b6 7. Qe2 Bb7 8. e4
e6 9. c3 c5 10. e5 Ne8 11. Ne4 Bxe4 12. Qxe4 d5 13. Qg4 Nc6 14. Bg5 Qd7 15.
Rfe1 cxd4 16. cxd4 Nb4 17. Rad1 Nxd3 18. Rxd3 Rc8 19. Qh4 f6 20. exf6 Bxf6 21.
Rde3 Bxg5 22. Nxg5 Nc7 23. Rh3 h5 24. Nf3 Qg7 25. Ne5 Rf6 26. g4 Rf4 27. Qg5
Rcf8 28. gxh5 gxh5 29. Qxg7+ Kxg7 30. Rxh5 R8f5 31. Rxf5 exf5 32. Nc6 Nb5 33.
Rd1 a5 34. Kg2 Rg4+ 35. Kf3 Rh4 36. a4 Nd6 37. Ne7 Rxh2 38. Rg1+ Kf7 39. Nxd5
Ne4 40. Rg2 Nd2+ 41. Kf4 Nf1 42. Kf3 Nd2+ 1/2-1/2

[Event "4NCL 3 South pool A"]
[Site "Reading, ENG"]
[Date "2017.11.12"]
[Round "2.43"]
[White "Heaven, Pete"]
[Black "Balloglu, Piro"]
[Result "1-0"]
[WhiteElo "2005"]
[BlackElo "1996"]
[PlyCount "59"]
[EventDate "2017.11.12"]
[WhiteTeam "Rhyfelwyr Essyllwg"]
[BlackTeam "Hackney"]

1. e4 e5 2. Nf3 Nc6 3. Bb5 Nf6 4. O-O Nxe4 5. d4 Nd6 6. Bxc6 dxc6 7. dxe5 Nf5
8. Qe2 Nd4 9. Nxd4 Qxd4 10. h3 Be7 11. Rd1 Qh4 12. Be3 g5 13. f3 h5 14. Rd4 g4
15. Bf2 Qg5 16. f4 Qg6 17. e6 Bxe6 18. h4 g3 19. Be3 Bf6 20. f5 Qxf5 21. Rf4
Qg6 22. Nd2 O-O-O 23. Nb3 Bg5 24. Qf1 Bxh4 25. Rxf7 Kb8 26. Nc5 Bc8 27. Qf4 Rd6
28. Ne4 Rd5 29. Qxc7+ Ka8 30. Bf4 1-0

[Event "4NCL 3 South pool A"]
[Site "Reading, ENG"]
[Date "2017.11.12"]
[Round "2.44"]
[White "Conway, Paul Bernard"]
[Black "Hewitt, William"]
[Result "0-1"]
[WhiteElo "1895"]
[BlackElo "2003"]
[PlyCount "80"]
[EventDate "2017.11.12"]
[WhiteTeam "Hackney"]
[BlackTeam "Rhyfelwyr Essyllwg"]

1. e4 c5 2. Nc3 Nc6 3. f4 g6 4. Nf3 Bg7 5. Bc4 e6 6. a3 Nge7 7. O-O d5 8. Ba2
dxe4 9. Nxe4 b6 10. d3 O-O 11. Rb1 Nd5 12. Qe1 Nd4 13. c3 Nxf3+ 14. Rxf3 Bb7
15. Rh3 Re8 16. Ng5 h6 17. Nf3 Qf6 18. Qg3 Rad8 19. Ne5 h5 20. Bd2 Ne7 21. b4
cxb4 22. axb4 Nf5 23. Qf2 Qe7 24. d4 Qc7 25. Re1 b5 26. Nd3 a5 27. bxa5 Qxa5
28. Bb1 Qb6 29. Nc5 Bc6 30. Bxf5 exf5 31. Rhe3 Rxe3 32. Rxe3 b4 33. Re1 bxc3
34. Bxc3 Qc7 35. Qd2 Qd6 36. Rd1 Qd5 37. Na6 Bf8 38. Bb4 Bh6 39. Bc5 Bxf4 40.
Qf2 Be3 0-1

[Event "4NCL 3 South pool A"]
[Site "Reading, ENG"]
[Date "2017.11.12"]
[Round "2.45"]
[White "Trevelyan, John"]
[Black "Clancy, Martin J"]
[Result "0-1"]
[WhiteElo "2023"]
[BlackElo "1835"]
[PlyCount "54"]
[EventDate "2017.11.12"]
[WhiteTeam "Rhyfelwyr Essyllwg"]
[BlackTeam "Hackney"]

1. d4 Nf6 2. c4 e6 3. Nf3 c5 4. e3 g6 5. Nc3 Bg7 6. Bd3 a6 7. O-O Qc7 8. dxc5
Qxc5 9. e4 O-O 10. Be3 Qc7 11. Na4 Nc6 12. c5 Ng4 13. Qd2 Nxe3 14. Qxe3 d5 15.
cxd6 Qxd6 16. Rfd1 Qc7 17. Rac1 Bd7 18. Qb6 Rac8 19. b3 Rfd8 20. Qxc7 Rxc7 21.
Nb6 Be8 22. Kf1 Re7 23. Bb1 Nd4 24. Nxd4 Bxd4 25. Nd5 Bb5+ 26. Ke1 Rxd5 27.
Rc8+ Kg7 0-1

[Event "4NCL 3 South pool A"]
[Site "Reading, ENG"]
[Date "2017.11.12"]
[Round "2.46"]
[White "Rosario, Paulo Rui Beijinho d"]
[Black "Hatchett, Paul"]
[Result "0-1"]
[WhiteElo "1828"]
[BlackElo "1970"]
[PlyCount "64"]
[EventDate "2017.11.12"]
[WhiteTeam "Hackney"]
[BlackTeam "Rhyfelwyr Essyllwg"]

1. d4 Nf6 2. c4 g6 3. Nc3 Bg7 4. e4 d6 5. Nf3 O-O 6. h3 c5 7. Be3 cxd4 8. Nxd4
b6 9. Be2 Bb7 10. Qc2 Nbd7 11. O-O Rc8 12. f4 Nc5 13. Bf3 Ba6 14. b3 e5 15.
Ndb5 Bxb5 16. Nxb5 a6 17. Nc3 Ne6 18. fxe5 dxe5 19. Rad1 Nd4 20. Qd3 Nd7 21.
Nd5 Nc5 22. Qd2 Nce6 23. Bg4 f5 24. exf5 gxf5 25. Bf3 b5 26. cxb5 e4 27. Bxe4
fxe4 28. Nf4 Nxf4 29. Bxf4 axb5 30. Bg5 Rxf1+ 31. Rxf1 Qd5 32. Qe3 Nf3+ 0-1